logo

Bir Sreshtho Munshi Abdur Rouf Library
Jhenaidah Cadet College

A regional geography of Western Europe (Record no. 8413)

MARC details
000 -LEADER
fixed length control field 00772cam a22002771 4500
001 - CONTROL NUMBER
JCCL Control Number 8413
003 - CONTROL NUMBER IDENTIFIER
JCCL marc code BD-JhCC
005 - DATE AND TIME OF LATEST TRANSACTION
control field 20180224092104.0
008 - FIXED-LENGTH DATA ELEMENTS--GENERAL INFORMATION
fixed length control field 740605s1967 nyuab b 000 0 eng
035 ## - SYSTEM CONTROL NUMBER
system control number (BD-JhCC)8413
040 ## - CATALOGING SOURCE
Original cataloging agency DLC
Transcribing agency DLC
Modifying agency DLC
041 ## - LANGUAGE CODE
Language code of Book eng
050 00 - LIBRARY OF CONGRESS CALL NUMBER
Classification number D967
Item number .M693 1967
082 00 - DEWEY DECIMAL CLASSIFICATION NUMBER
Classification number 914
Author mark and Year MON 1965
100 1# - MAIN ENTRY--PERSONAL NAME
Personal name Monkhouse, Francis John.
245 12 - TITLE STATEMENT
Title A regional geography of Western Europe
Statement of responsibility, etc [by] F. J. Monkhouse.
250 ## - EDITION STATEMENT
Edition statement 3d ed. [rev. & enl.]
260 ## - PUBLICATION, DISTRIBUTION, ETC. (IMPRINT)
Place of publication, distribution, etc New York,
Name of publisher, distributor, etc F. A. Praeger
Date of publication, distribution, etc [1967]
300 ## - PHYSICAL DESCRIPTION
Pagination xx, 727 p.
Other physical details illus., maps.
Dimensions 23 cm.
490 0# - SERIES STATEMENT
Series statement Praeger advanced geographies
504 ## - BIBLIOGRAPHY, ETC. NOTE
Bibliography, etc Bibliography: p. 689-692.
651 #0 - SUBJECT ADDED ENTRY--GEOGRAPHIC NAME
Geographic name Europe
General subdivision Geography.
740 ## -
Uncontrolled related/analytical title Western Europe.
942 ## - ADDED ENTRY ELEMENTS (KOHA)
Source of classification or shelving scheme Dewey Decimal Classification
Koha item type Books
Holdings
Source of classification or shelving scheme Damaged status Not for loan Home library Current library Shelving location Date of accession Total Checkouts Full call number Barcode Date last seen Copy number Koha item type
Dewey Decimal Classification     JCC Rouf Library JCC Rouf Library General Stacks 02/24/2018   914 MON 1965 11019 02/24/2018 C-1 Books

JCC Library | Contacts | JCC Home

Last Update on 23 September 2017
Copyright @ 2017-2020 JCC Rouf Library
Rouf Library, Jhenidah Cadet College (JCC), Bangladesh